000 00183nam a22000857a 4500
003 SGT
245 _aINTERNATIONAL REVIEW OF PURE & APLLIED MATHEMATICS
260 _c2014
942 _2ddc
_cBV
999 _c21477
_d21477